Aplikácia IFRS v účtovníctve v Chorvátsku

Vývojový trend účtovného informačného systému Chorvátska. Nový Zákon o účtovníctve v Chorvátskej republike. Klasifikácia nového Zákona o účtovníctve a charakteristika časti VII.

Saved in:
Bibliographic Details
Main Author: Surový, Vladimír
Format: Book Chapter
Language:Slovak
Subjects:
Tags: Add Tag
No Tags, Be the first to tag this record!

MARC

LEADER 00000naa$a2200000$$$4500
001 0058042
005 20240502071642.8
041 0 |a slo 
044 |a SK 
245 1 0 |a Aplikácia IFRS v účtovníctve v Chorvátsku  |c Vladimír Surový 
520 |a Vývojový trend účtovného informačného systému Chorvátska. Nový Zákon o účtovníctve v Chorvátskej republike. Klasifikácia nového Zákona o účtovníctve a charakteristika časti VII. 
610 2 0 |a systémy účtovné 
610 2 0 |a Chorvátsko 
610 2 0 |a zákony 
610 2 0 |a účtovníctvo 
610 2 0 |a výkazníctvo finančné 
100 1 |a Surový, Vladimír